| 000 | 00383nam a22001217a 4500 | ||
|---|---|---|---|
| 082 | _a220 PRO | ||
| 100 |
_aAreeb Waseem Abrar Anwar Qureshi _971350 |
||
| 245 | _aPR-SOF-1636-Control Design of Hybrid Tri-Copter With Fixed-Wing Profile | ||
| 260 |
_aISLAMABAD _bNUST COLLEGE OF EME _c2017 |
||
| 650 |
_aDE-COMP-35 _971351 |
||
| 700 | _aSUPERVISOR Dr. Fahad Mumtaz Malik | ||
| 942 | _cCR | ||
| 999 |
_c577917 _d577917 |
||